Logo BPK

Bibliografia Prac Pracowników

Politechniki Koszalińskiej

Zjawiska adsorpcji na granicy faz, ciało stałe - odciek wysypiskowy / (Rekord nr 5275)

Szczegóły MARC
000 -ETYKIETA REKORDU
podpole kontrolne o stałej długości 00744nab a2200205 i 4500
001 - NUMER KONTROLNY REKORDU
podpole kontrolne BPP
003 - IDENTYFIKATOR NUMERU KONTROLNEGO REKORDU
podpole kontrolne BPK
005 - DATA OSTATNIEJ MODYFIKACJI REKORDU
podpole kontrolne 20160108134240.0
008 - POLE O STAŁEJ DŁUGOŚCI - DANE KONTROLNE
podpole kontrolne o stałej długości 140301s1989 pl f |000 0 pol
040 ## - ŹRÓDŁO KATALOGOWANIA
Instytucja, która utworzyła rekord BPK
080 ## - UNIWERSALNA KLASYFIKACJA DZIESIĘTNA - UKD
UKD 628.4
100 ## - NAZWA OSOBOWA
Nazwa osobowa SZYMAŃSKI, Kazimierz.
Lata pracy 1970 - 1996.
Instytucja Wyższa Szkoła Inżynierska w Koszalinie - Wydział Inżynierii Lądowej i Sanitarnej,
Wydział Zakład Biologii i Chemii Sanitarnej
245 ## - TYTUŁ/ODPOWIEDZIALNOŚĆ
Tytuł Zjawiska adsorpcji na granicy faz, ciało stałe - odciek wysypiskowy /
Pozostałe elementy strefy tytułu i oznaczenia odpowiedzialności Kazimierz Szymański.
260 ## - STREFA ADRESU WYDAWNICZEGO
Data publikacji, dystrybucji/powstania dokumentu 1989.
500 ## - UWAGI OGÓLNE
Tekst uwagi Dane z kartoteki bpp.
650 #0 - HASŁO PRZEDMIOTOWE W FORMIE NAZWY OGÓLNEJ LUB JEDNOSTKOWEJ
Nazwa ogólna lub geograficzna Odpady.
650 #0 - HASŁO PRZEDMIOTOWE W FORMIE NAZWY OGÓLNEJ LUB JEDNOSTKOWEJ
Nazwa ogólna lub geograficzna Składowiska odpadów.
773 ## - TYTUŁ DOKUMENTU MACIERZYSTEGO
Wyrażenie wprowadzające W :
Tytuł Koszalińskie Studia i Materiały. -
Informacje dotyczące relacji 1989, nr 1/2, s. 167-176
942 ## - HASŁO DODATKOWE - ELEMENTY(KOHA)
Typ dokumentu Artykuł
Schemat klasyfikacji Uniwersalna klasyfikacja dziesiętna

Brak dostępnych egzemplarzy.

© 2014 Biblioteka Politechniki Koszalińskiej :: BIBLIOGRAFIA PRAC PRACOWNIKÓW